Œuvres du peintre Henri Matisse - Statistiques

Statistiques générales
  • Ce quiz a été pris 23 fois
  • Le résultat moyen est 4 sur 16
Statistiques - réponses
Par images Réponse % Correct
La danse
82%
Le bonheur de vivre
36%
Luxe, calme et volupté
36%
Femme au chapeau
27%
La musique
27%
L’atelier rose
27%
Fenêtre à Tanger
18%
Les Marocains
18%
Nu bleu, souvenir de Biskra
18%
Portrait de Derain
18%
Fenêtre ouverte sur Collioure
9%
Jeune marin II
9%
La desserte rouge
9%
La Serpentine
9%
Le rifain debout
9%
Luxe 2
9%
Aucun quiz correspondant
Distribution des résultats
% des personnes avec chaque résultat
Percentile par nombre de réponses
Votre historique - résultats
Vous n’avez pas pris ce quiz